Quiz - fonction des attributs pharaonique - Statistiques

Statistiques générales
  • Ce quiz a été pris 20 fois
  • Le résultat moyen est 5 sur 13
Statistiques - réponses
Hint Réponse % Correct
La barbe représentant le pharaon/dieu mort Barbe postiche courbée
86%
Le symbole de la vie Ankh
71%
La barbe représentant le pharaon vivant Barbe postiche droite
71%
La représentation de la férocité du roi Queue de taureau
43%
La couronne bleue - des souverains au combat Khépresh
36%
La double couronne Pschent
36%
Le cobra qui protège le pharaon de ses ennemis Uraeus
36%
Le pagne royal Chendjyt
29%
La couronne rouge de Basse-Egypte Decheret
29%
La couronne blanche de Haute-Egypte Hedjet
29%
La coiffe des pharaons (à partir de l'Ancien Empire) Némès
29%
Le sceptre pharaonique Héqa
21%
Le flagellum Nékhakha
21%
Aucun quiz correspondant
Distribution des résultats
% des personnes avec chaque résultat
Percentile par nombre de réponses
Votre historique - résultats
Vous n’avez pas pris ce quiz